000 00866nam0a2200289 4500
001 RU\NLR\BIBL_A\016363930
005 20250625055104.0
010 _93000
035 _a(NLR Aleph) 016363930
090 _a13315539
_c13315539
100 _a20230510d1967 |||y0rusy50 ca
101 0 _akir
102 _aKG
105 _ay z 000gy
181 0 _ai
_baxxe
182 0 _an
200 1 _aАдам жана табият
_eырлар
_fС. Урмамбетов
203 _aТекст
_bвизуальный
_cнепосредственный
210 _aФрунзе
_cКыргызстан
_d1967
215 _a111,[1] c.
_d17
541 1 _aЧеловек
_eстихи
_zrus
686 1 _aШ6(2=Ки)7-5
700 1 _aУрмамбетов
_bС.
_f1934-1990
_gСовет
_4070
852 _aNLR
_bОНЛ
_jКирг./2-4566
942 _cBOOK
980 _aNB